000 00322nam a2200133Ia 4500
008 190216s9999||||xx |||||||||||||| ||und||
100 _aMohammed K A & Aravindakshan Ks
245 0 _aIndian Economics
250 _a1st Ed.
260 _bPaico Pub.House Ekm
_c1969
300 _a185
650 _aEconomics
942 _cBK
999 _c9683
_d9683